Strafprosesreg in die Laer Howe / (Record no. 574)

MARC details
000 -LEADER
fixed length control field 00539nam a22001817a 4500
005 - DATE AND TIME OF INPUT
control field 20231113132244.0
008 - DATA ELEMENTS--GENERAL INFORMATION
fixed length control field 231113b |||||||| |||| 00| 0 eng d
020 ## - INTERNATIONAL STANDARD BOOK NUMBER
International Standard Book Number 0702110027
041 ## - LANGUAGE CODE
Language code of text Afrikaans
082 ## - SHELF NUMBER
DDC number 345.5 FER
100 ## - MAIN AUTHOR
Main author's name Ferreira, JC
Language of a work Afrikaans
245 ## - TITLE STATEMENT
Title Strafprosesreg in die Laer Howe /
Statement of responsibility, etc. JC Ferreira
250 ## - EDITION STATEMENT
Edition statement Tweede Uitgawe
260 ## - PUBLICATION, DISTRIBUTION, ETC.
Place of publication, distribution, etc. Kaapstad :
Name of publisher, distributor, etc. Juta en Kie. Bpk,
Date of publication, distribution, etc. 1979
300 ## - PHYSICAL DESCRIPTION
Other physical details cvi, 806 pages ;
Dimensions 26 cm.
650 ## - SUBJECT`
Broad subject Legal practice
Own subject terms Law
942 ## - ADDED ENTRY ELEMENTS (KOHA)
Item type Books
942 ## - ADDED ENTRY ELEMENTS (KOHA)
-- ALISON_BN_VRIES
Holdings
Source of classification or shelving scheme Not for loan Collection code Home library Current library Shelving location Date acquired Full call number Barcode Price effective from Koha item type
Dewey Decimal Classification   TEXT BOOKS LAW SOCIETY OF NAMIBIA LIBRARY - WINDHOEK LAW SOCIETY OF NAMIBIA LIBRARY - WINDHOEK Criminal law and procedures 11/13/2023 345.5 FER LSN/1987/257 11/13/2023 Books